000 00641nmm a2200205Ia 4500
008 251105s9999||||xx |||||||||||||||||und||
020 _a9788499217499
041 _aspa
100 _aBenavente, Beatriz
245 0 _aPrevalencia del abuso sexual en la infancia: un estudio en estudiantes universitarios
264 _a[Madrid, España] :
_bOctaedro,
_c2016
300 _a96 páginas
490 _aHorizontes-Educación
650 _aSocial Sciences (General)
700 _aBenavente, Beatriz
700 1 _a Casado, Susana
700 1 _a Ballester, Lluís
856 _uhttps://public.digitaliapublishing.com/a/59038
942 _cCF
999 _c62706
_d62706